| 000 | 01050nam a2200325Ia 4500 | ||
|---|---|---|---|
| 001 | Z_4321 | ||
| 003 | CHAP | ||
| 008 | 220113s1979 xx 000 0 und d | ||
| 010 | _a167389 | ||
| 040 | _cCHAP | ||
| 090 | _aFolleto 77 | ||
| 100 |
_aCaro Costas, Rubén _919251 |
||
| 245 |
_aProducción comercial de leche con vacas alimentadas exclusivamente con buenos pastos en la altura húmeda de Puerto Rico / _cpor Rubén Caro Costas y José Vicente Chandler |
||
| 260 |
_aRío Piedras, P. R. : _bUniversidad de Puerto Rico, _c1979 |
||
| 300 | _a16 | ||
| 440 |
_aPuerto Rico Estación Exp. Agr. Publicación ; 126 _9141572 |
||
| 500 | _a | ||
| 503 | _a | ||
| 650 |
_aAlimentos y alimentación del ganado _94326 |
||
| 650 |
_aGanado lechero _xAlimentación _945238 |
||
| 650 |
_aLeche _xMercadeo _965383 |
||
| 650 |
_aLeche _xProducción _965400 |
||
| 650 |
_aPastos forrajeros I. Chandler, José Vicente II. t. _9141573 |
||
| 901 | _aFolleto 77 | ||
| 902 | _aA | ||
| 910 | _a1979 | ||
| 942 | _cc14 | ||
| 942 | _cc14 | ||
| 999 |
_c167389 _d167389 |
||